000 00714nam a2200193 i 4500
001 100382
003 ES-MaACL
005 20250818071043.0
008 050926s1929 sp |||| | spa d
100 1 _aMarx, Karl,
_d1818-1883
_978590
245 1 3 _aLa revolución española
_b: (1808-1814, 1820-1823, 1840-1843) /
_cKarl Marx ; traducción directa de Andrés Nin ; citas aclaratorias de divulgación histórica de Jenaro Artiles.
260 _aMadrid :
_bArgis,
_c1929.
300 _a202 p. ;
_c20 cm.
650 0 4 _aRevoluciones-
_zEspaña-
_yS.XIX
_916900
700 1 _aNin, Andreu.
_985748
700 1 _aArtiles, Jenaro,
_d1897-1976
_923479
852 _aES-MaACL
_jB-2772
999 _c100382
_d100382